Ohňovzdorná kompozitná podšívka na odevy. D 04H 13/00

Bibliographic Details
Main Author: Paire, Christian (Author)
Format: Book
Language:Undetermined
PhysicalDescription:6 s.
Published: Banská Bystrica 1999

MARC

LEADER 00000nam a2200000 a 4500
001 vtls001386494
003 SK-MaSNL
005 20260301161511.0
008 240314sm y0 xo 0 und
035 |a SNK000340654 
040 |a SNK  |b slo  |c SNK  |e AACR2 
044 |a xo  |c SK 
100 1 |a Paire, Christian  |4 aut  |9 524608 
245 1 0 |a Ohňovzdorná kompozitná podšívka na odevy. D 04H 13/00 
260 |a Banská Bystrica  |e Úrad priemyselného vlastníctva SR  |c 1999 
300 |a 6 s. 
999 |c 809705  |d 811635 
952 |t P60, <04>, [BOOK], {604}  |a SNK  |b SNK  |y VYP  |7 0  |p 17A0234395  |o snkSK 280232  |i snkPS 477/2000  |0 0  |1 0  |4 0  |d 2000-04-05  |l 0  |r 2005-01-02 00:00:00  |w 2026-02-24